000 00400nam a2200169Ia 4500
001 31173
003 IN-NITTTR
005 20251114233418.0
008 251113s9999||||xx |||||||||||||| ||eng||
040 _beng
040 _cIN-NITTTR
041 _aeng
082 _a006.312 D1B
100 _aDT Editorial Services,
245 0 _aBig data :
_b block book /
_cDT Editorial Services
942 _2ddc
_cBK
999 _c33803
_d33803